|
|
|
|
| LEADER |
02166pam a22003977a 4500 |
| 001 |
AALOSOebook000963 |
| 003 |
BD-DhAAL |
| 005 |
20220302154144.0 |
| 006 |
m||||||||d|||||||| |
| 007 |
cr|||||||||||| |
| 008 |
220106s2016\\\\enk\\\\fob\\\\001|0|eng|d |
| 999 |
|
|
|c 43402
|d 43402
|
| 020 |
|
|
|a 9780191772047 (ebook)
|
| 040 |
|
|
|a StDuBDS
|b eng
|c StDuBDS
|e rda
|d BD-DhAAL
|
| 050 |
0 |
0 |
|a HV6431
|
| 082 |
0 |
4 |
|a 363.325
|2 23
|
| 245 |
0 |
0 |
|a Illusions of terrorism and counter-terrorism /
|c edited by Richard English.
|
| 260 |
|
|
|a Oxford [England] :
|b Published for the British Academy by Oxford University Press,
|c c2016.
|
| 300 |
|
|
|a 1 online resource.
|
| 490 |
1 |
|
|a Proceedings of the British Academy,
|x 0068-1202 ;
|v 203
|
| 500 |
|
|
|a <strong>Off-Campus Access:</strong> Athens ID and Password Required
|
| 500 |
|
|
|a <strong>On-Campus Access:</strong> No User ID or Password Required
|
| 500 |
|
|
|a Access type: Perpetual access
|
| 504 |
|
|
|a Includes bibliographical references and index.
|
| 520 |
|
|
|a aThe relationship between non-state terrorism and state counter-terrorism continues to shape world politics. Leading scholars analyse this relationship, examining post-9/11 counter-terrorism, the evolution of al-Qaida, challenges to Western counter-terrorism, and why terrorist campaigns sometimes endure and sometimes end.
|
| 526 |
|
|
|a ARC, PPDM.
|x Dr. Imon Chowdhooree, Associate Professor.
|
| 538 |
|
|
|a Mode of access: Internet
|
| 541 |
|
|
|a Oxford University Press
|h $226.80
|
| 650 |
|
0 |
|a Terrorism.
|9 44475
|
| 650 |
|
0 |
|a Terrorism
|x Prevention.
|9 44476
|
| 655 |
|
|
|a Electronic books.
|9 46330
|
| 700 |
1 |
|
|a English, Richard,
|d 1963-
|e editor.
|9 44480
|
| 830 |
|
0 |
|a Proceedings of the British Academy ;
|v 203.
|9 44481
|
| 856 |
4 |
2 |
|z Full text available on Oxford Scholarship Online
|u http://dx.doi.org/10.5871/bacad/9780197265901.001.0001
|
| 942 |
|
|
|2 ddc
|c EBK
|
| 952 |
|
|
|0 0
|1 0
|2 ddc
|4 0
|6 363_300000000000000_25_ILL
|7 0
|9 69668
|a BRACUL
|b BRACUL
|d 2022-01-06
|e Oxford University Press
|g 19453.10
|l 0
|o 363.3/25 ILL
|r 2022-01-06
|t 1
|w 2022-01-06
|y EBK
|x As discussed with Acquisition team, according to invoice date (23.12.2021) of the ebook, converted USD $226.80 to BDT19,453.10.
|